Statistics for Cities of Origin - American Popular Music

Click here to take the quiz!

General Stats

  • This quiz has been taken 5,784 times
  • The average score is 15 of 22

Answer Stats

Points Urban Area % Correct
41,221New York City
99%
27,116Los Angeles
98%
11,468Chicago
92%
7,178San Francisco Bay Area
90%
4,644Miami
89%
3,463Dallas
84%
3,076Nashville
83%
3,761Boston
83%
4,540Houston
82%
8,345Detroit
82%
2,036New Orleans
81%
7,454Philadelphia
76%
10,555Atlanta
74%
2,483Memphis
71%
2,567Washington D.C.
69%
17,944London
58%
3,163Liverpool
43%
4,074Toronto
38%
2,911Manchester
37%
1,871Birmingham
35%
2,041Melbourne
16%
3,247Saginaw
4%

Score Distribution

Percentile by Number Answered

Percent of People with Each Score

Your Score History

You have not taken this quiz